BIBLIOTECA

SENCICO

Ladrillo. Historia Universal (Registro nro. 1888)

Detalles MARC
000 -LEADER
fixed length control field 00765nam a2200241Ia 4500
005 - DATE AND TIME OF LATEST TRANSACTION
control field 20251020182525.0
008 - FIXED-LENGTH DATA ELEMENTS--GENERAL INFORMATION
fixed length control field 200515s9999 xx 000 0 und d
020 ## - INTERNATIONAL STANDARD BOOK NUMBER
International Standard Book Number 978-84-9801-881-3
082 ## - DEWEY DECIMAL CLASSIFICATION NUMBER
Classification number 691.44/C22
100 ## - MAIN ENTRY--PERSONAL NAME
Personal name Campbell, James W.P.
100 ## - MAIN ENTRY--PERSONAL NAME
Personal name Pryce, Will
245 #0 - TITLE STATEMENT
Title Ladrillo. Historia Universal
260 ## - PUBLICATION, DISTRIBUTION, ETC.
Place of publication, distribution, etc. Barcelona
260 ## - PUBLICATION, DISTRIBUTION, ETC.
Name of publisher, distributor, etc. Blume
260 ## - PUBLICATION, DISTRIBUTION, ETC.
Date of publication, distribution, etc. 2004
300 ## - PHYSICAL DESCRIPTION
Other physical details il.
500 ## - GENERAL NOTE
General note 1 ejemplar
520 ## - SUMMARY, ETC.
Summary, etc. Brinda al lector la primera guía completa sobre la presencia del ladrillo en todo el mundo, tanto en su condición de objeto en sí, con sus diferentes tamaños y formas, como desde el punto de vista de las técnicas de fabricación
650 ## - SUBJECT ADDED ENTRY--TOPICAL TERM
Topical term or geographic name entry element HISTORIA
650 ## - SUBJECT ADDED ENTRY--TOPICAL TERM
Topical term or geographic name entry element LADRILLOS
942 ## - ADDED ENTRY ELEMENTS (KOHA)
Koha item type Libros
Existencias
Fecha de la última vez que lo usaron Pago total Signatura topográfica completa Código de barras Precio efectivo desde Tipo de documento Estado perdido Estado dañado No es para préstamo Retirado Ubicación permanente Ubicación actual Fecha de adquisición
15/05/2020   691.44/C22 Bib-Lima15051888 15/05/2020 Libros         Biblioteca Central Lima Biblioteca Central Lima 15/05/2020